[Event "Mistrzostwa Polski Juniorow w Szachach Szybkich Grupa D16"]
[Site "Hala Widowiskowo-Sportowa Spodek w Katowicach, Aleja Wojciecha Korfantego 35"]
[Date "1899-12-30"]
[Round "10.2"]
[White "Olechnicka, Karolina"]
[Black "Parol, Pola"]
[Result "1-0"]
[WhiteTitle "k++"]
[BlackTitle "I++"]
[WhiteElo "1750"]
[BlackElo "1718"]

1. e4 c5 2. Nf3 e6 3. d4 cxd4 4. Nxd4 a6 5. Bd3 Qc7 6. O-O Nf6 7. Be3 d6 8. f4
b5 9. Nd2 Bb7 10. Rc1 Nbd7 11. c4 b4 12. f5 Nc5 13. Bb1 e5 14. N4b3 Ncxe4 15.
Nxe4 Nxe4 16. Nd2 Nc5 17. f6 gxf6 18. Rxf6 Be7 19. Rf2 Bh4 20. Re2 O-O-O 21. a3
bxa3 22. b4 Ne6 23. c5 d5 24. Nf3 Be7 25. c6 Ba8 26. Qa4 d4 27. Qxa6+ Kb8 28.
Bf2 Nf4 29. Rxe5 Rd5 30. Rxd5 Nxd5 31. Bg3 Bd6 32. Qb5+ Kc8 33. Bf5+ Kd8 34. Qxd5
a2 35. Bxd6 Qb6 36. Bc5+ Ke8 37. Qd7# 1-0

[Event "Mistrzostwa Polski Juniorow w Szachach Szybkich Grupa D16"]
[Site "Hala Widowiskowo-Sportowa Spodek w Katowicach, Aleja Wojciecha Korfantego 35"]
[Date "1899-12-30"]
[Round "10.3"]
[White "Antolak, Julia"]
[Black "Murawko, Julia"]
[Result "1-0"]
[WhiteTitle "k+"]
[BlackTitle "I++"]
[WhiteElo "1884"]
[BlackElo "1642"]

1. e4 d5 2. exd5 Qxd5 3. Nc3 Qa5 4. d4 c6 5. Nf3 Nf6 6. Bd2 Qc7 7. Bc4 Bg4 8. h3
Bh5 9. Bb3 e6 10. Qe2 Bxf3 11. Qxf3 Nbd7 12. Qe2 O-O-O 13. O-O-O Bd6 14. g3 Nb6
15. Ne4 Nxe4 16. Qxe4 c5 17. dxc5 Qxc5 18. Be3 Qc6 19. Qxc6+ bxc6 20. c3 Kb7 21.
Rhe1 Nd5 22. Bd4 Rhg8 23. c4 Ne7 24. Bc2 h6 25. Bc3 Bc7 26. Rxd8 Bxd8 27. Rd1
Kc8 28. b4 Bb6 29. Rd2 g6 30. g4 Bc7 31. Kb2 Bf4 32. Rd1 Kc7 33. a4 Nc8 34. Kb3
Nb6 35. b5 cxb5 36. axb5 h5 37. Ba5 Kc8 38. Be4 hxg4 39. hxg4 f5 40. Bc6 e5 41.
c5 1-0

[Event "Mistrzostwa Polski Juniorow w Szachach Szybkich Grupa D16"]
[Site "Hala Widowiskowo-Sportowa Spodek w Katowicach, Aleja Wojciecha Korfantego 35"]
[Date "1899-12-30"]
[Round "10.4"]
[White "Topolan, Agata"]
[Black "Posuniak, Weronika"]
[Result "0-1"]
[WhiteTitle "I++"]
[BlackTitle "I++"]
[WhiteElo "1695"]
[BlackElo "1642"]

1. e4 c6 2. c4 d5 3. cxd5 cxd5 4. exd5 Qxd5 5. Nc3 Qe5+ 6. Qe2 Qxe2+ 7. Bxe2 Bd7
8. Nd5 Kd8 9. Nf3 e6 10. Nc3 Bd6 11. Ne4 Bc7 12. b3 Nf6 13. Neg5 Ke8 14. d3 Bc6
15. Nh3 Nbd7 16. Bf4 Ba5+ 17. Bd2 Bxd2+ 18. Kxd2 Rd8 19. Rhd1 Ke7 20. Ke1 h6 21.
Kf1 g5 22. Nd4 Bd5 23. Rac1 Rc8 24. Ng1 g4 25. Re1 h5 26. f3 a6 27. fxg4 hxg4
28. h3 Rxc1 29. Rxc1 Ne5 30. hxg4 Nfxg4 31. Bxg4 Nxg4 32. Ndf3 Kd6 33. Ke2 f5
34. Nh3 Bxf3+ 35. Kxf3 Ne5+ 36. Ke2 Rg8 37. Rg1 Rg3 38. Nf4 Rg4 39. Nh3 Ng6 40.
Kf2 Kd5 41. Ke3 e5 42. Nf2 Rg3+ 43. Ke2 Nf4+ 44. Kd2 Rxg2 45. Rxg2 Nxg2 46. Nd1
Kd4 47. Nc3 Nf4 48. Nd1 Nxd3 49. Ne3 Ke4 50. Nc4 Nc5 51. b4 Kd4 52. Na5 Ne4+ 53.
Kc2 f4 54. Nxb7 f3 55. Kd1 Ke3 56. Na5 f2 57. Nc4+ Kd4 58. Ke2 0-1

[Event "Mistrzostwa Polski Juniorow w Szachach Szybkich Grupa D16"]
[Site "Hala Widowiskowo-Sportowa Spodek w Katowicach, Aleja Wojciecha Korfantego 35"]
[Date "1899-12-30"]
[Round "10.5"]
[White "Dmochowska, Agnieszka"]
[Black "Marczuk, Anna"]
[Result "0-1"]
[WhiteTitle "WCM"]
[BlackTitle "k"]
[WhiteElo "1964"]
[BlackElo "1874"]

1. e4 d6 2. d4 Nf6 3. Nc3 e5 4. Nf3 Nbd7 5. Bc4 Be7 6. O-O O-O 7. a4 a5 8. Be3
c6 9. Qd2 Qc7 10. Ba2 Ng4 11. Bg5 Bxg5 12. Nxg5 h6 13. Ne6 fxe6 14. Bxe6+ Kh8
15. Bxg4 Nf6 16. Bxc8 Raxc8 17. Rad1 Rcd8 18. Qe2 exd4 19. Rxd4 Qb6 20. Qd2 c5
21. Rd3 Rfe8 22. f3 c4+ 23. Rd4 d5 24. exd5 Nxd5 25. Nxd5 Rxd5 26. c3 Rde5 27.
Kh1 Re2 28. Qf4 Qxb2 29. Rxc4 Rxg2 30. Rc7 Qe2 31. Rg1 Qf2 32. Rc1 Rg5 33. Qf7
Qg2# 0-1

[Event "Mistrzostwa Polski Juniorow w Szachach Szybkich Grupa D16"]
[Site "Hala Widowiskowo-Sportowa Spodek w Katowicach, Aleja Wojciecha Korfantego 35"]
[Date "1899-12-30"]
[Round "11.1"]
[White "Kubicka, Anna"]
[Black "Olechnicka, Karolina"]
[Result "1/2-1/2"]
[WhiteTitle "m"]
[BlackTitle "k++"]
[WhiteElo "1886"]
[BlackElo "1750"]

1. e4 c5 2. Nf3 d6 3. d4 cxd4 4. Nxd4 Nf6 5. Nc3 a6 6. Bg5 e6 7. Qd2 Nbd7 8. f4
b5 9. Bxf6 Nxf6 10. e5 dxe5 11. fxe5 Nd5 12. Nxd5 Qxd5 13. Nf3 Bb7 14. a4 b4 15.
Qxd5 1/2-1/2

[Event "Mistrzostwa Polski Juniorow w Szachach Szybkich Grupa D16"]
[Site "Hala Widowiskowo-Sportowa Spodek w Katowicach, Aleja Wojciecha Korfantego 35"]
[Date "1899-12-30"]
[Round "11.2"]
[White "Marczuk, Anna"]
[Black "Antolak, Julia"]
[Result "1/2-1/2"]
[WhiteTitle "k"]
[BlackTitle "k+"]
[WhiteElo "1874"]
[BlackElo "1884"]

1. e4 c5 2. Nf3 e6 3. d4 cxd4 4. Nxd4 Nf6 5. Nc3 d6 6. Be3 a6 7. f3 b5 8. Qd2 b4
9. Nce2 e5 10. Nb3 Nc6 11. Ng3 Be6 12. Rd1 Be7 13. Be2 O-O 14. O-O d5 1/2-1/2

[Event "Mistrzostwa Polski Juniorow w Szachach Szybkich Grupa D16"]
[Site "Hala Widowiskowo-Sportowa Spodek w Katowicach, Aleja Wojciecha Korfantego 35"]
[Date "1899-12-30"]
[Round "11.3"]
[White "Posuniak, Weronika"]
[Black "Karykowska, Anna"]
[Result "1/2-1/2"]
[WhiteTitle "I++"]
[BlackTitle "I++"]
[WhiteElo "1642"]
[BlackElo "1514"]

1. d4 d5 2. c4 c6 3. Nc3 Nf6 4. cxd5 cxd5 5. Bf4 a6 6. e3 Nc6 7. h3 Qb6 8. b3 e6
9. Bd3 Bb4 10. Nge2 O-O 11. O-O Bd7 12. Na4 Qd8 13. a3 Be7 14. Nc5 Bxc5 15. dxc5
e5 16. Bg5 a5 17. Nc3 Be6 18. Rb1 h6 19. Bh4 d4 20. Ne4 g5 21. Bg3 Nxe4 22. Bxe4
f5 23. Bxc6 bxc6 24. Bxe5 dxe3 25. fxe3 Qd5 26. Bd6 Rf7 27. Qh5 Kh7 28. Qf3 Qxf3
29. Rxf3 Rb7 30. Rf2 Kg6 31. Rfb2 Bd5 32. b4 axb4 33. axb4 Be4 34. Rd1 Ra4 35.
Rd4 Ra1+ 36. Kf2 Ra4 37. Bf8 Bd5 38. Bd6 h5 39. Be5 Rb5 40. Bd6 1/2-1/2

[Event "Mistrzostwa Polski Juniorow w Szachach Szybkich Grupa D16"]
[Site "Hala Widowiskowo-Sportowa Spodek w Katowicach, Aleja Wojciecha Korfantego 35"]
[Date "1899-12-30"]
[Round "11.4"]
[White "Kozubal, Aleksandra"]
[Black "Cieslak, Wiktoria"]
[Result "1-0"]
[WhiteTitle "I++"]
[BlackTitle "k"]
[WhiteElo "1633"]
[BlackElo "1693"]

1. d4 Nf6 2. c4 e6 3. Nc3 Bb4 4. Bg5 O-O 5. e3 b6 6. Bd3 Bb7 7. f3 d5 8. Nge2 c5
9. O-O Nbd7 10. a3 Bxc3 11. bxc3 Rc8 12. cxd5 exd5 13. e4 cxd4 14. cxd4 dxe4 15.
fxe4 Re8 16. e5 h6 17. exf6 hxg5 18. fxg7 Nf6 19. Rf5 Nd5 20. Qb3 Rc7 21. Bb5
Ne3 22. Rf2 Re6 23. Qd3 Kxg7 24. Ng3 Qd5 25. Nh5+ Kh6 26. Nf6 Rxf6 27. Rxf6+ Kg7
28. Rf2 Ng4 29. Re2 Re7 30. Rf1 Rxe2 31. Qxe2 Qxd4+ 32. Kh1 Ne3 33. Rg1 g4 34.
Qf2 Qe5 35. Bd3 f5 36. Qg3 f4 37. Qh4 Bd5 38. Qh7+ Kf8 39. Qh6+ Ke7 40. Qh7+ Kd6
41. Qh6+ Kc5 42. Qf8+ Kd4 43. Bf1 a5 44. Qd8 Qe6 45. Qh8+ Kc5 46. Qc3+ Kd6 47.
Qd4 f3 48. gxf3 gxf3 49. Qxb6+ Ke7 50. Qc7+ Kf8 51. Qg7+ Ke8 52. Bb5+ Kd8 53.
Qf8+ Kc7 54. Rc1+ Nc4 55. Qc5+ Kb7 56. Bxc4 Bxc4 57. Qxc4 Qd6 58. Qb5+ Ka7 59.
Qxa5+ Kb7 60. Qb5+ Ka7 61. Qc5+ Qxc5 62. Rxc5 f2 63. Kg2 1-0

[Event "Mistrzostwa Polski Juniorow w Szachach Szybkich Grupa D16"]
[Site "Hala Widowiskowo-Sportowa Spodek w Katowicach, Aleja Wojciecha Korfantego 35"]
[Date "1899-12-30"]
[Round "11.5"]
[White "Parol, Pola"]
[Black "Murawko, Julia"]
[Result "1/2-1/2"]
[WhiteTitle "I++"]
[BlackTitle "I++"]
[WhiteElo "1718"]
[BlackElo "1642"]

1. e4 d5 2. exd5 Qxd5 3. Nc3 Qa5 4. d4 c6 5. Bd3 Nf6 6. h3 e6 7. Nf3 Bd6 8. O-O
Nbd7 9. Ne2 c5 10. c4 cxd4 11. Nexd4 a6 12. Bd2 Qb6 13. Bc3 O-O 14. Bc2 Qc7 15.
Qe2 b6 16. Rfd1 Re8 17. b4 Bb7 18. Rac1 Rac8 19. Bb3 Nf8 20. b5 a5 21. a4 Ng6
22. Bd2 Nf4 23. Qf1 Ne4 24. Be3 Nc5 25. Bc2 Ng6 26. Qe2 Nf4 27. Qf1 Ne4 28. Bb1
Nc5 29. Ne2 Bxf3 30. gxf3 Nxe2+ 31. Qxe2 Bf4 32. Bc2 Qe5 33. Re1 Qg5+ 34. Kh1
Qh4 35. Kg2 Qg5+ 36. Kh1 Qh4 37. Kg2 e5 38. Rcd1 Re6 39. Rh1 Ree8 40. Rhe1 Qg5+
41. Kh1 Qh4 42. Bf5 Re6 43. Kg2 Qg5+ 44. Kh1 1/2-1/2